| 000 | 00766nam a2200229Ia 4500 | ||
|---|---|---|---|
| 003 | GCL | ||
| 008 | 140319s9999 xx 000 0 ara d | ||
| 040 |
_aGCL / _cGCL |
||
| 082 | 0 | 4 |
_a377.1 _bت د |
| 100 | 1 | _aزكى رابح | |
| 245 | 1 | 0 |
_aدراسات فىالتربية الاسلامية والشخصية الوطنية / _cزكى رابح |
| 260 |
_a[S.N] : _bالمؤسسة الجامعية للدراسات والنشر والتوزيع ، _c1982 |
||
| 300 | _a288 ص\ | ||
| 490 | _a | ||
| 650 | 0 | 4 | _aالتربية |
| 650 | 0 | 4 | _aالشخصية |
| 650 | 0 | 4 | _aالتربية الوطنية |
| 650 | 0 | 4 | _aالتربية الاسلامية |
| 650 | 0 | 4 | _aالوطنية والدين |
| 650 | 0 | 4 | _aالتربية الاجتماعية |
| 942 |
_2ddc _cBK |
||
| 999 |
_c52637 _d52637 |
||